Представление документа в формате MARC21

Поле Инд. ПП Название Значение
Тип записи a
Библиографический уровень m
001 Контрольный номер RU/IS/BASE/307185982
005 Дата корректировки 20250407111809.9
040 a Служба первич. каталог. НБ ТвГУ
b Код языка каталог. rus
e Правила каталог. PSBO
041 0_ a Код языка текста rus
080 a Индекс УДК 821.161.1.09(043.3)
084 a Индекс другой классификации/Индекс ББК Ш5(2=411.2)6-34я031
090 a Полочн. индекс Ш5(2=411.2)
x Авторский знак С 13
100 1_ a Автор Савченко Татьяна Дмитриевна
q Полное имя Савченко Т. Д.
245 10 a Заглавие Литература путешествий о Кавказе второй половины XX века
b Продолж. заглавия автореф. дис. ... канд. филол. наук : 10.01.01
c Ответственность Пятигор. гос. фармацевт. акад., Каф. рус. яз.
260 a Место издания Краснодар
b Издательство Пятигорская государственная фармацевтическая академия
c Дата издания 2009
300 a Объем 25 с.
500 a Примечание На правах рукоп.
504 a Библиография Библиогр.: с. 24-25 и в подстроч. примеч.
650 04 a Основная рубрика Русская литература
x Основная подрубрика История
x Основная подрубрика Темы литературные
y Хронологическая подрубрика 20 в.
650 14 a Основная рубрика Тема Кавказа в литературе
650 14 a Основная рубрика Кавказ в литературе
653 0_ a Ключевые слова Кавказ в литературе
a Ключевые слова Литературные темы
a Ключевые слова Путешествия по Кавказу в литературе
a Ключевые слова Литература путешествий
a Ключевые слова Русская литература
a Ключевые слова Тема Кавказа в литературе
a Ключевые слова Авторефераты
920 a Оператор Густ
930 a Новая/Ретро авторефераты
952 c Вид литературы А/Р н
954 a Дата поступления на обработку 20091914